Raathri tapping pareekshichalo ? (Record no. 66232)

MARC details
000 -LEADER
fixed length control field 00260nam a2200109Ia 4500
245 #0 - TITLE STATEMENT
Title Raathri tapping pareekshichalo ?
260 ## - PUBLICATION, DISTRIBUTION, ETC. (IMPRINT)
Name of publisher Karshakasree
Year of publication 2020
300 ## - PHYSICAL DESCRIPTION
Number of Pages 44
650 ## - SUBJECT ADDED ENTRY--TOPICAL TERM
Topical Term Night tapping
942 ## - ADDED ENTRY ELEMENTS (KOHA)
Koha item type Journals
Holdings
Withdrawn status Lost status Damaged status Not for loan Home library Current library Shelving location Date acquired Serial Enumeration / chronology Koha item type
      Journals RRII Library RRII Library Rubber general 17/12/2021 Volume 26, Issue 1 Journals